<?xml version="1.0" encoding="UTF-8"?>
<marc:record xmlns:marc="http://www.loc.gov/MARC21/slim">
   <marc:leader>00000nam a2200000 a 4500</marc:leader>
   <marc:datafield ind1="1" ind2=" " tag="100">
      <marc:subfield code="a">Schoenberg, Michael H.</marc:subfield>
      <marc:subfield code="4">aut</marc:subfield>
      <marc:subfield code="e">Verfasser/-in</marc:subfield>
   </marc:datafield>
   <marc:datafield ind1="0" ind2="0" tag="245">
      <marc:subfield code="a">Aktiv leben gegen Krebs</marc:subfield>
   </marc:datafield>
   <marc:datafield ind1="0" ind2="0" tag="245">
      <marc:subfield code="b">Heilungschancen und Lebensqualität verbessern durch Bewegung, Ernährung und eine stabile Psyche</marc:subfield>
   </marc:datafield>
   <marc:datafield ind1="0" ind2="0" tag="245">
      <marc:subfield code="c">Schoenberg, Michael H.</marc:subfield>
   </marc:datafield>
   <marc:datafield ind1=" " ind2="1" tag="264">
      <marc:subfield code="a">München</marc:subfield>
      <marc:subfield code="b">Piper</marc:subfield>
      <marc:subfield code="c">2016</marc:subfield>
   </marc:datafield>
   <marc:datafield ind1="1" ind2=" " tag="520">
      <marc:subfield code="a">(I-16/18-C3) (GMK ZWs / RG) Viele Krebspatienten fühlen sich von der Medizin, insbesondere nach der Therapie, allein gelassen und leiden unter Folgeerscheinungen wie Erschöpfung, Schmerzen, Übelkeit, Gewichtsproblemen oder Depressionen. Dabei kann, wie neueste wissenschaftliche Erkenntnisse belegen, das Zusammenspiel unterstützender Maßnahmen aus Bewegung, Ernährung und einer psychischen Stabilisierung die Lebensqualität und sogar auch die Prognose erheblich verbessern. Dieses Buch erklärt verständlich, wie der Patient selbst aktiv werden kann: Welcher Sport eignet sich, wann soll man sich schonen? Was muss man bei einer Nahrungsumstellung beachten, gibt es eine Krebsdiät? Wann braucht man seelische Unterstützung und sollte sich Hilfe suchen?  Eine ermutigende Anleitung zur Aktivierung der Selbstheilungskräfte.</marc:subfield>
   </marc:datafield>
   <marc:datafield ind1=" " ind2=" " tag="020">
      <marc:subfield code="a">9783492057387</marc:subfield>
      <marc:subfield code="9">9783492057387</marc:subfield>
   </marc:datafield>
   <marc:datafield ind1=" " ind2=" " tag="020">
      <marc:subfield code="a">3492057381</marc:subfield>
      <marc:subfield code="9">3492057381</marc:subfield>
   </marc:datafield>
   <marc:datafield ind1=" " ind2=" " tag="041">
      <marc:subfield code="a">ger</marc:subfield>
   </marc:datafield>
   <marc:datafield ind1=" " ind2=" " tag="300">
      <marc:subfield code="a">349 Seiten</marc:subfield>
   </marc:datafield>
</marc:record>
